Informe sobre el gasto no obligatorio de los municipios españoles : ejercicios 2004-2007 / ejercicios 2004-2007 /
ISBN:
9788461485864
Descripción Física:
133 pàgines : il·lustracions ; 30 cm
Colección:
Colección Documentos e Informes
Idioma:
Catalán
MARC
| LEADER | 00000cam a2200000 a 4500 | ||
|---|---|---|---|
| 001 | 25484 | ||
| 005 | 20260324181108.0 | ||
| 008 | 220513b spa||||| |||| 00| 0 cat d | ||
| 017 | |a M 13031-2011 |b Oficina Depósito Legal Madrid | ||
| 020 | |a 9788461485864 | ||
| 080 | |a Bib-542 | ||
| 245 | 0 | 0 | |a Informe sobre el gasto no obligatorio de los municipios españoles : |b ejercicios 2004-2007 / |c Daniel Mas Fontcuberta, Paula Salinas Peña, Maite Vilalta Ferrer (dir.) |
| 260 | |a Madrid ; |a Barcelona : |b Fundación Democracia y Gobierno Local, |c 2011 | ||
| 300 | |a 133 pàgines : |b il·lustracions ; |c 30 cm | ||
| 490 | |a Colección Documentos e Informes | ||
| 650 | 4 | |a Despeses públiques |z Espanya | |
| 650 | 4 | |a Serveis municipals |z Espanya |x Finances | |
| 700 | 1 | |a Mas Fontcuberta, Daniel. |e director | |
| 700 | 1 | |a Salinas Peña, Paula. |e director | |
| 700 | |a Vilalta, Maite |e director |9 10386 | ||
| 710 | |9 15759 |a Federación Española de Municipios y Províncias | ||
| 710 | 2 | |a Fundació Democràcia i Govern Local |9 52936 | |
| 940 | |a BNE | ||
| 942 | |2 udc |c ARXIU |n 1 | ||
| 952 | |0 0 |1 0 |2 udc |4 0 |6 BIB542 |7 1 |9 61667 |a Arxiu |b Arxiu |d 2022-05-13 |o Bib-542 |p 25484 |r 2022-05-13 00:00:00 |w 2022-05-13 |y ARXIU | ||
| 999 | |c 81561 |d 81561 | ||